John Harbaugh Coaching Tree - Statistics

General Stats
  • This quiz has been taken 2 times
  • The average score is 3 of 9
Answer Stats
Wins Team Coach % Correct
61 NYJ Rex Ryan
100%
7 DAL Brian Schottenheimer
50%
53 IND Chuck Pagano
50%
62 DET Jim Caldwell
50%
24 SEA Mike Macdonald
50%
11 LVR Hue Jackson
0%
1 DEN Jerry Rosburg
0%
10 CLE Mike Pettine
0%
19 DEN Vic Fangio
0%
No matching quizzes found
Score Distribution
Percent of People with Each Score
Percentile by Number Answered
Your Score History
You have not taken this quiz